ՀՀ Գիտությունների ազգային ակադեմիայի հիմնարար գիտական գրադարան  =   Fundamental Scientific Library of NAS RA

Философские вопросы развития науки : (Record no. 137419)

MARC details
000 -LEADER
fixed length control field 01123nam a2200241 u 4500
001 - CONTROL NUMBER
control field 000359280
003 - CONTROL NUMBER IDENTIFIER
control field AM-YeHGA
005 - DATE AND TIME OF LATEST TRANSACTION
control field 20250617131521.0
008 - FIXED-LENGTH DATA ELEMENTS--GENERAL INFORMATION
fixed length control field 040907s1990 ||||||||||||||||||||rus|c
020 ## - INTERNATIONAL STANDARD BOOK NUMBER
International Standard Book Number 5751100042
040 ## - CATALOGING SOURCE
Original cataloging agency AM-YeHGA
041 0# - LANGUAGE CODE
Language code of text/sound track or separate title rus
090 ## - LOCALLY ASSIGNED LC-TYPE CALL NUMBER (OCLC); LOCAL CALL NUMBER (RLIN)
-- 138791
100 1# - MAIN ENTRY--PERSONAL NAME
Personal name Корниенко, Алла Александровна
245 10 - TITLE STATEMENT
Title Философские вопросы развития науки :
Remainder of title (Социол. и методол. аспекты) /
Statement of responsibility, etc. А.А. Корниенко, А.В. Корниенко, Под. ред.: В.А. Дмитриенко; Том. политехн. ин-т им. С.М. Кирова, Филос. о-во СССР.
260 ## - PUBLICATION, DISTRIBUTION, ETC.
Place of publication, distribution, etc. Томск :
Name of publisher, distributor, etc. Изд-во Том. ун-та,
Date of publication, distribution, etc. 1990.
300 ## - PHYSICAL DESCRIPTION
Extent 228 с.
504 ## - BIBLIOGRAPHY, ETC. NOTE
Bibliography, etc. note Библиогр.: с. 222-226
653 0# - INDEX TERM--UNCONTROLLED
Uncontrolled term Наука - Социологические проблемы
700 1# - ADDED ENTRY--PERSONAL NAME
Personal name Корниенко, Анатолий Васильевич
700 1# - ADDED ENTRY--PERSONAL NAME
Personal name Дмитриенко, В.А.
Relator term ред.
Relationship edt
710 2# - ADDED ENTRY--CORPORATE NAME
Corporate name or jurisdiction name as entry element Томский политехнический ин-т им. С.М. Кирова
Holdings
Withdrawn status Lost status Damaged status Not for loan Collection Home library Current library Date acquired Total checkouts Full call number Barcode Date last seen Price effective from Koha item type Public note
        General Fundamental Scientific Library Fundamental Scientific Library 22/12/2016   001:1 120626551 22/12/2016 22/12/2016 Գրքեր / Books 30 Days Loan


ՀՀ ԳԱԱ հիմնարար գիտական գրադարան
ՀՀ,Երևան 0019
Մարշալ Բաղրամյան 24/6
հեռախոս:(374-10) 52-47-50
Հետադարձ կապ

All site content, except where otherwise noted, is licensed under a
Creative Commons License